Poems by Robert Frost

Kaydedildi:
Detaylı Bibliyografya
Yazar: Frost, Robert
Materyal Türü: Kitap
Dil:Undetermined
Baskı/Yayın Bilgisi: Estados Unidos Signet Classic 1990
Konular:
Etiketler: Etiketle
Etiket eklenmemiş, İlk siz ekleyin!

MARC

LEADER 00000nam a2200000Ia 4500
008 170316s9999 xx 000 0 und d
090 |a 810 F-26pe 
100 |a Frost, Robert 
245 |a Poems by Robert Frost 
260 |a Estados Unidos 
260 |b Signet Classic 
260 |c 1990 
300 |a 160 páginas 
650 |a LITERATURA ESTADOUNIDENSE 
650 |a POEMAS 
999 |c 21024  |d 21024 
040 |a cru BVZT 
942 |c 15 D  |h 810 F-26pe  |2 z